[Event "Taastrup 25 Jubilee"]
[Site "Taastrup"]
[Date "1997.??.??"]
[Round "5"]
[White "Hartvig, Ove Weiss"]
[Black "Niklasch, Oliver"]
[Result "0-1"]
[WhiteElo "2290"]
[BlackElo "2335"]
[PlyCount "80"]
[EventDate "1997.??.??"]
[EventType "swiss"]
[EventRounds "9"]
[EventCountry "DEN"]
[Source "ChessBase"]
[SourceDate "1998.11.10"]

1. e4 c5 2. Nc3 Nc6 3. g3 g6 4. Bg2 Bg7 5. d3 d6 6. f4 e6 7. Nf3 Nge7 8. O-O
O-O 9. Be3 Nd4 10. e5 Nef5 11. Bf2 Nxf3+ 12. Qxf3 Nd4 13. Qd1 dxe5 14. fxe5
Bxe5 15. Ne4 f5 16. Nxc5 f4 17. c3 f3 18. Bh3 Ne2+ 19. Kh1 Qg5 20. Qa4 Qh6 21.
Qh4 Qxh4 22. gxh4 Nf4 23. Bg4 b6 24. Bxf3 Rb8 25. Nb3 Nxd3 26. Bg3 Bxg3 27.
hxg3 Rxf3 28. Rxf3 Bb7 29. Raf1 Rf8 30. Nd4 Ne5 31. Kg2 h5 32. R1f2 Nxf3 33.
Nxf3 e5 34. Rf1 Kg7 35. c4 Rf7 36. b3 Kf8 37. a3 a6 38. b4 Ke7 39. a4 Rf6 40.
c5 bxc5 0-1

[Event "Taastrup 25 Jubilee"]
[Site "Taastrup"]
[Date "1997.??.??"]
[Round "8"]
[White "Hartvig, Ove Weiss"]
[Black "Hansen, Lars Henrik Bech"]
[Result "1/2-1/2"]
[WhiteElo "2290"]
[BlackElo "2185"]
[PlyCount "31"]
[EventDate "1997.??.??"]
[EventType "swiss"]
[EventRounds "9"]
[EventCountry "DEN"]
[Source "ChessBase"]
[SourceDate "1998.11.10"]

1. e4 d6 2. f4 Nf6 3. Nc3 g6 4. Nf3 Bg7 5. g3 c6 6. Bg2 O-O 7. O-O Na6 8. h3
Nc5 9. d3 b5 10. g4 b4 11. Ne2 Qb6 12. Kh1 Ba6 13. Be3 Nfd7 14. Bd4 e5 15. fxe5
dxe5 16. Be3 1/2-1/2

[Event "Taastrup 25 Jubilee"]
[Site "Taastrup"]
[Date "1997.??.??"]
[Round "2"]
[White "Hartvig, Ove Weiss"]
[Black "Welling, Gerard"]
[Result "0-1"]
[WhiteElo "2290"]
[BlackElo "2385"]
[PlyCount "58"]
[EventDate "1997.??.??"]
[EventType "swiss"]
[EventRounds "9"]
[EventCountry "DEN"]
[Source "ChessBase"]
[SourceDate "1998.11.10"]

1. e4 e5 2. Nc3 Bc5 3. f4 d6 4. Nf3 Nf6 5. Bc4 O-O 6. d3 c6 7. fxe5 dxe5 8. Bg5
b5 9. Bb3 a5 10. a4 b4 11. Nb1 Nbd7 12. Nbd2 h6 13. Bh4 Ba6 14. Qe2 Qc7 15.
O-O-O Nh5 16. g4 Nf4 17. Qf1 Be3 18. Kb1 Nc5 19. Nc4 Bxc4 20. Bxc4 Nxa4 21. Re1
Qb6 22. Bb3 Nc3+ 23. bxc3 bxc3 24. Ka2 a4 25. Bxf7+ Rxf7 26. Rb1 Qc5 27. g5 Ng6
28. Qh3 Nxh4 29. Nxh4 Rf2 0-1

[Event "Taastrup 25 Jubilee"]
[Site "Taastrup"]
[Date "1997.??.??"]
[Round "6"]
[White "Hartvig, Ove Weiss"]
[Black "Bromann, Thorbjorn"]
[Result "1-0"]
[WhiteElo "2290"]
[BlackElo "2230"]
[PlyCount "85"]
[EventDate "1997.??.??"]
[EventType "swiss"]
[EventRounds "9"]
[EventCountry "DEN"]
[Source "ChessBase"]
[SourceDate "1998.11.10"]

1. Nf3 d5 2. g3 Nc6 3. Bg2 e5 4. d3 f5 5. O-O Nf6 6. c4 dxc4 7. Qa4 Bd6 8. Qxc4
Qe7 9. Nc3 a6 10. Bd2 Be6 11. Qh4 O-O-O 12. Qa4 Bd7 13. Rfc1 f4 14. b4 Nxb4 15.
Qb3 h5 16. a3 Be6 17. Qb2 Nbd5 18. Ng5 Bg8 19. Nxd5 Bxd5 20. Bxd5 Nxd5 21. Rab1
c6 22. Qb3 Nf6 23. Nf7 fxg3 24. hxg3 h4 25. Nxd8 Rxd8 26. Qb6 hxg3 27. Rxc6+
bxc6 28. Qxa6+ Kd7 29. Rb7+ Ke6 30. Rxe7+ Kxe7 31. fxg3 Bc5+ 32. Kg2 Kd6 33.
Qb7 Bxa3 34. Qxg7 Nd5 35. e4 Ne7 36. Qf6+ Kd7 37. Qxe5 Bd6 38. Qa5 Rg8 39. Qa7+
Ke8 40. Qa8+ Kf7 41. Qa2+ Ke8 42. Be1 Kd7 43. d4 1-0

[Event "Taastrup 25 Jubilee"]
[Site "Taastrup"]
[Date "1997.??.??"]
[Round "8"]
[White "Hoi, Carsten"]
[Black "Welling, Gerard"]
[Result "1-0"]
[WhiteElo "2425"]
[BlackElo "2385"]
[PlyCount "71"]
[EventDate "1997.??.??"]
[EventType "swiss"]
[EventRounds "9"]
[EventCountry "DEN"]
[Source "ChessBase"]
[SourceDate "1998.11.10"]

1. d4 e6 2. c4 b6 3. Nc3 Bb4 4. e3 Bb7 5. Nge2 f5 6. a3 Bd6 7. d5 Nf6 8. Nd4
Qe7 9. Be2 O-O 10. O-O Na6 11. b4 c5 12. Ndb5 cxb4 13. Nxd6 Qxd6 14. axb4 Qxb4
15. Nb5 Qe7 16. Bf3 Ne4 17. Bxe4 fxe4 18. Ba3 Nc5 19. Nc7 Rab8 20. d6 Qg5 21.
Bxc5 Qxc5 22. Qd4 Qg5 23. Rxa7 Bc6 24. Na6 Rb7 25. Rxb7 Bxb7 26. Qxb6 Bxa6 27.
Qxa6 Qc5 28. Rd1 Rc8 29. Rd4 Rc6 30. Qb7 Rb6 31. Qa8+ Kf7 32. Qxe4 Rxd6 33.
Qf4+ Ke7 34. Qh4+ Ke8 35. Qxh7 Rxd4 36. Qg8+ 1-0

[Event "Taastrup 25 Jubilee"]
[Site "Taastrup"]
[Date "1997.??.??"]
[Round "2"]
[White "Hoi, Carsten"]
[Black "Van Voorthuijsen, Pieter W"]
[Result "1-0"]
[WhiteElo "2425"]
[BlackElo "2285"]
[PlyCount "64"]
[EventDate "1997.??.??"]
[EventType "swiss"]
[EventRounds "9"]
[EventCountry "DEN"]
[Source "ChessBase"]
[SourceDate "1998.11.10"]

1. d4 Nf6 2. Nf3 e6 3. e3 b6 4. Bd3 Bb7 5. O-O d5 6. b3 Bd6 7. c4 O-O 8. Nc3 a6
9. Bb2 Nbd7 10. Rc1 Qe7 11. cxd5 exd5 12. Bf5 Rfe8 13. Qc2 g6 14. Bh3 Nf8 15.
Ne5 Nh5 16. Bg4 f6 17. Nd3 f5 18. Bxh5 gxh5 19. Ne2 h4 20. Ne5 Qf6 21. f4 Re7
22. Kh1 Rg7 23. Rf3 Ne6 24. Rg1 h5 25. Qd2 Rf8 26. Qe1 Bxe5 27. fxe5 Qe7 28.
Rgf1 Qg5 29. Qf2 h3 30. Rxh3 Qh6 31. Ng3 f4 32. Nxh5 fxe3 1-0

[Event "Taastrup 25 Jubilee"]
[Site "Taastrup"]
[Date "1997.??.??"]
[Round "4"]
[White "Hoi, Carsten"]
[Black "Hansen, Lars"]
[Result "1/2-1/2"]
[WhiteElo "2425"]
[BlackElo "2330"]
[PlyCount "67"]
[EventDate "1997.??.??"]
[EventType "swiss"]
[EventRounds "9"]
[EventCountry "DEN"]
[Source "ChessBase"]
[SourceDate "1998.11.10"]

1. d4 d5 2. Nf3 Nf6 3. c4 dxc4 4. e3 e6 5. Bxc4 c5 6. O-O a6 7. Nc3 b5 8. Bb3
Bb7 9. Qe2 Nbd7 10. Rd1 Qb8 11. d5 Nxd5 12. Nxd5 Bxd5 13. Bxd5 exd5 14. e4 d4
15. b4 Qb7 16. bxc5 Bxc5 17. Bb2 O-O 18. Nxd4 Bxd4 19. Bxd4 Rfe8 20. Qg4 Ne5
21. Qf5 Ng6 22. f3 Rad8 23. Bf2 Qc8 24. Qxc8 Rxc8 25. a4 Nf4 26. Kf1 Rc2 27.
axb5 axb5 28. Rab1 f5 29. Rxb5 fxe4 30. fxe4 Rxe4 31. Rb8+ Kf7 32. Rb7+ Kg6 33.
Rb6+ Re6 34. Rxe6+ 1/2-1/2

[Event "Taastrup 25 Jubilee"]
[Site "Taastrup"]
[Date "1997.??.??"]
[Round "7"]
[White "Holmsgaard, Henrik"]
[Black "Nilssen, John Arni"]
[Result "1-0"]
[WhiteElo "2315"]
[BlackElo "2305"]
[PlyCount "107"]
[EventDate "1997.??.??"]
[EventType "swiss"]
[EventRounds "9"]
[EventCountry "DEN"]
[Source "ChessBase"]
[SourceDate "1998.11.10"]

1. e4 c5 2. Nf3 Nc6 3. d4 cxd4 4. Nxd4 e5 5. Nb5 d6 6. N1c3 a6 7. Na3 b5 8. Nd5
Nge7 9. g3 Nxd5 10. Qxd5 Bb7 11. Bg2 Qc7 12. Qd3 d5 13. exd5 Nb4 14. Qb3 Rd8
15. O-O Bxd5 16. Bxd5 Nxd5 17. c4 Nb4 18. cxb5 Bc5 19. Bg5 Rd3 20. Qc4 Qb6 21.
Rac1 Rd5 22. Nc2 axb5 23. Qe4 f5 24. Qxf5 Nd3 25. Ne3 Rd7 26. Rxc5 Qxc5 27.
Qe6+ Re7 28. Bxe7 Qxe7 29. Qc6+ Qd7 30. Qa8+ Qd8 31. Qc6+ Qd7 32. Qa8+ Qd8 33.
Qb7 O-O 34. Qxb5 Kh8 35. Qd5 Qxd5 36. Nxd5 Ra8 37. Rd1 Nxb2 38. Rd2 Rb8 39. Re2
Nc4 40. Re4 Nd2 41. Re2 Nc4 42. Rc2 Nd6 43. a4 Kg8 44. Rc6 Nf5 45. a5 Rb5 46.
a6 Ra5 47. Nb4 Nd4 48. Rc7 Nb5 49. Rc5 Ra1+ 50. Kg2 Na7 51. Rc7 Ra4 52. Rxa7
Rxb4 53. Rb7 Ra4 54. a7 1-0

[Event "Taastrup 25 Jubilee"]
[Site "Taastrup"]
[Date "1997.??.??"]
[Round "6"]
[White "Holmsgaard, Henrik"]
[Black "Hansen, Lars Henrik Bech"]
[Result "1-0"]
[WhiteElo "2315"]
[BlackElo "2185"]
[PlyCount "57"]
[EventDate "1997.??.??"]
[EventType "swiss"]
[EventRounds "9"]
[EventCountry "DEN"]
[Source "ChessBase"]
[SourceDate "1998.11.10"]

1. e4 d6 2. d4 Nf6 3. Nc3 g6 4. Bg5 Bg7 5. f4 h6 6. Bh4 O-O 7. Qd2 c6 8. Bd3 b5
9. a3 Qb6 10. Nf3 Nbd7 11. e5 dxe5 12. fxe5 Nd5 13. Nxd5 cxd5 14. Bxe7 Re8 15.
Bh4 Nf8 16. Bf2 Bg4 17. O-O Ne6 18. c3 Bxf3 19. gxf3 Ng5 20. Be3 Kh7 21. f4 Ne6
22. h4 Qd8 23. Qh2 Qd7 24. f5 Nf8 25. h5 f6 26. hxg6+ Kg8 27. Bxh6 Bxh6 28.
Qxh6 fxe5 29. f6 1-0

[Event "Taastrup 25 Jubilee"]
[Site "Taastrup"]
[Date "1997.??.??"]
[Round "4"]
[White "Holmsgaard, Henrik"]
[Black "Zolnierowicz, Krzysztof"]
[Result "0-1"]
[WhiteElo "2315"]
[BlackElo "2370"]
[PlyCount "36"]
[EventDate "1997.??.??"]
[EventType "swiss"]
[EventRounds "9"]
[EventCountry "DEN"]
[Source "ChessBase"]
[SourceDate "1998.11.10"]

1. e4 d5 2. exd5 Nf6 3. c4 e6 4. dxe6 Bxe6 5. Nf3 c5 6. Be2 Nc6 7. O-O Qc7 8.
d4 cxd4 9. Nxd4 O-O-O 10. Nxe6 fxe6 11. Qa4 h5 12. Nc3 Bc5 13. Nb5 Qe5 14. Bf3
Ng4 15. g3 Rdf8 16. Bxc6 Rxf2 17. Bf4 Rg2+ 18. Kxg2 Qe2+ 0-1

[Event "Taastrup 25 Jubilee"]
[Site "Taastrup"]
[Date "1997.??.??"]
[Round "9"]
[White "Holmsgaard, Henrik"]
[Black "Pilgaard, Kim"]
[Result "0-1"]
[WhiteElo "2315"]
[BlackElo "2370"]
[PlyCount "82"]
[EventDate "1997.??.??"]
[EventType "swiss"]
[EventRounds "9"]
[EventCountry "DEN"]
[Source "ChessBase"]
[SourceDate "1998.11.10"]

1. e4 e5 2. Nf3 Nc6 3. Nc3 Nf6 4. g3 d5 5. exd5 Nxd5 6. Bg2 Nxc3 7. bxc3 Bc5 8.
O-O O-O 9. Re1 f6 10. d3 Bg4 11. h3 Bh5 12. g4 Bf7 13. Nd2 Re8 14. Ne4 Bf8 15.
c4 Qd7 16. Rb1 Rab8 17. f4 exf4 18. Bxf4 b6 19. Kh1 Rbd8 20. Qf3 Nd4 21. Qf2
Kh8 22. Rf1 Bg8 23. Rbe1 Be7 24. Be3 Rf8 25. Qd2 Nc6 26. Re2 Bb4 27. Qc1 Ne5
28. Ref2 Be7 29. Qa1 Be6 30. Bf4 Ng6 31. Bg3 f5 32. gxf5 Bxf5 33. Be5 Nxe5 34.
Qxe5 Bxh3 35. Rf7 Bxg2+ 36. Kxg2 Qg4+ 37. Kh2 Bf6 38. R7xf6 gxf6 39. Nxf6 Qg7
40. Rf5 Rd6 41. Ne8 Rh6+ 0-1

[Event "Taastrup 25 Jubilee"]
[Site "Taastrup"]
[Date "1997.??.??"]
[Round "8"]
[White "Koerholz, Ludger"]
[Black "Pilgaard, Kim"]
[Result "1/2-1/2"]
[WhiteElo "2270"]
[BlackElo "2370"]
[PlyCount "99"]
[EventDate "1997.??.??"]
[EventType "swiss"]
[EventRounds "9"]
[EventCountry "DEN"]
[Source "ChessBase"]
[SourceDate "1998.11.10"]

1. e4 e5 2. Nf3 Nc6 3. Bb5 a6 4. Ba4 Nf6 5. O-O Be7 6. Bxc6 dxc6 7. d3 Nd7 8.
Nbd2 O-O 9. Nc4 Bd6 10. b3 Re8 11. Bb2 c5 12. a4 b6 13. Bc3 Rb8 14. Qc1 f6 15.
Nh4 Nf8 16. f4 exf4 17. Nxd6 Qxd6 18. Rxf4 Ne6 19. Rf2 Nd4 20. Qb2 Bg4 21. Re1
Rbd8 22. h3 Qg3 23. hxg4 Qxh4 24. b4 Qxg4 25. bxc5 bxc5 26. Bxd4 Rxd4 27. a5
Qd7 28. Qc3 Qd6 29. Rb1 h6 30. Rf5 c4 31. Rb4 Re5 32. Rxe5 fxe5 33. Rxc4 Rxc4
34. Qxc4+ Kf8 35. Kf1 Ke7 36. Ke2 h5 37. Kd1 g6 38. c3 Kd7 39. Ke2 Kc8 40. d4
exd4 41. cxd4 Kd7 42. Qf7+ Kc8 43. d5 Qg3 44. Qf3 Qg5 45. g3 Qe5 46. Qf8+ Kb7
47. Qb4+ Kc8 48. Qc4 Kb8 49. Kf3 g5 50. Qb4+ 1/2-1/2

[Event "Taastrup 25 Jubilee"]
[Site "Taastrup"]
[Date "1997.??.??"]
[Round "2"]
[White "Koerholz, Ludger"]
[Black "Brinck Claussen, Bjorn"]
[Result "1-0"]
[WhiteElo "2270"]
[BlackElo "2380"]
[PlyCount "79"]
[EventDate "1997.??.??"]
[EventType "swiss"]
[EventRounds "9"]
[EventCountry "DEN"]
[Source "ChessBase"]
[SourceDate "1998.11.10"]

1. c4 Nf6 2. Nc3 c5 3. g3 d5 4. cxd5 Nxd5 5. Bg2 Nc7 6. Nf3 Nc6 7. a3 g6 8. b4
Bg7 9. bxc5 Ne6 10. O-O Nxc5 11. Rb1 O-O 12. Na4 Qa5 13. Nxc5 Qxc5 14. Qa4 Qa5
15. Qf4 e5 16. Qh4 Qd8 17. Qa4 Qc7 18. d3 b6 19. Nxe5 Bxe5 20. Qxc6 Qxc6 21.
Bxc6 Bh3 22. Bxa8 Bxf1 23. Kxf1 Rxa8 24. Ke1 h5 25. Bb2 Bxb2 26. Rxb2 Rc8 27.
Kd2 Rc5 28. a4 Rf5 29. f4 Ra5 30. Rb4 f5 31. Rc4 Kg7 32. Kc3 h4 33. gxh4 Kh6
34. Kb4 Rd5 35. Kc3 Ra5 36. Kb3 Kh5 37. Rc6 b5 38. axb5 Rxb5+ 39. Kc3 Rb1 40.
Ra6 1-0

[Event "Taastrup 25 Jubilee"]
[Site "Taastrup"]
[Date "1997.??.??"]
[Round "5"]
[White "Koerholz, Ludger"]
[Black "Duncan, Christopher R"]
[Result "1-0"]
[WhiteElo "2270"]
[BlackElo "2340"]
[PlyCount "191"]
[EventDate "1997.??.??"]
[EventType "swiss"]
[EventRounds "9"]
[EventCountry "DEN"]
[Source "ChessBase"]
[SourceDate "1998.11.10"]

1. c4 e5 2. Nc3 d6 3. Nf3 f5 4. d4 e4 5. Bg5 Nf6 6. Nd2 c6 7. e3 Na6 8. f3 exf3
9. Nxf3 Be7 10. Bd3 O-O 11. O-O Ne4 12. Bxe7 Qxe7 13. Bxe4 fxe4 14. Nd2 Bf5 15.
a3 Nc7 16. Qh5 g6 17. Qh6 Rae8 18. Rf2 d5 19. cxd5 cxd5 20. Raf1 Be6 21. Nb3 b6
22. Nc1 Rxf2 23. Rxf2 Rf8 24. Rf4 Rf5 25. Rxf5 Bxf5 26. N1e2 Be6 27. Qf4 Bf7
28. Kf2 Ne8 29. h4 Nf6 30. Ke1 Be6 31. Qg5 Kf7 32. Kd2 Qd6 33. Nf4 Bf5 34. Qh6
Kg8 35. Qg5 Kg7 36. Qg3 Qd7 37. Nfe2 Bg4 38. Nf4 Qc6 39. Nfxd5 Nxd5 40. Qxg4
Nf6 41. Qf4 Qe6 42. Qc7+ Kh6 43. Qd8 Ne8 44. Qg5+ Kg7 45. d5 Qf6 46. Qf4 Nd6
47. Ke2 h5 48. Kf2 Kf7 49. Kg3 Nf5+ 50. Kh3 Nd6 51. g4 Ke7 52. Kg3 hxg4 53.
Kxg4 Nf5 54. Qg5 Nh6+ 55. Kg3 Nf5+ 56. Kf4 Nxh4+ 57. Qxf6+ Kxf6 58. Nxe4+ Ke7
59. Nc3 Ng2+ 60. Ke4 Ne1 61. Nb5 a6 62. Nd4 Kd6 63. Ne2 Ng2 64. Nf4 Nh4 65. Ne6
Nf5 66. Nd8 a5 67. Nf7+ Ke7 68. Ne5 Nd6+ 69. Kd3 g5 70. e4 Nc8 71. a4 Kf6 72.
Ng4+ Ke7 73. e5 Kd7 74. Ke4 Na7 75. Kf5 b5 76. b3 bxa4 77. bxa4 Nc8 78. Nf6+
Ke7 79. Ne4 Nb6 80. d6+ Ke8 81. Nc5 Nc4 82. Nb7 g4 83. Kxg4 Nxe5+ 84. Kf5 Nc4
85. Ke6 Nb6 86. Nxa5 Nd7 87. Nb7 Nf8+ 88. Kd5 Kd7 89. a5 Kc8 90. a6 Nd7 91. Nc5
Nb6+ 92. Kc6 Na8 93. d7+ Kd8 94. Ne6+ Ke7 95. d8=Q+ Kxe6 96. Qxa8 1-0

[Event "Taastrup 25 Jubilee"]
[Site "Taastrup"]
[Date "1997.??.??"]
[Round "3"]
[White "Koerholz, Ludger"]
[Black "Hoi, Carsten"]
[Result "0-1"]
[WhiteElo "2270"]
[BlackElo "2425"]
[PlyCount "200"]
[EventDate "1997.??.??"]
[EventType "swiss"]
[EventRounds "9"]
[EventCountry "DEN"]
[Source "ChessBase"]
[SourceDate "1998.11.10"]

1. d4 Nf6 2. c4 g6 3. Nc3 Bg7 4. e4 d6 5. Bd3 O-O 6. Nge2 Nbd7 7. O-O c5 8. Bc2
a6 9. Re1 cxd4 10. Nxd4 Qc7 11. Qe2 Ne5 12. Bb3 Nc6 13. Nxc6 bxc6 14. h3 Nd7
15. Bg5 Nc5 16. Bc2 Rb8 17. Bd1 Ne6 18. Be3 Qb7 19. Na4 c5 20. Qd3 Bd7 21. Rb1
Bc6 22. Bd2 Nd4 23. Nc3 f5 24. Ba4 fxe4 25. Bxc6 exd3 26. Bxb7 Rxb7 27. Re3 Nc6
28. b3 Bd4 29. Rxd3 Ne5 30. Re3 Bxe3 31. Bxe3 Nd7 32. Rd1 Nf6 33. Kf1 Rbb8 34.
Ke2 Kf7 35. Rd3 Rbd8 36. Bh6 Rg8 37. Bg5 Kg7 38. Re3 Rge8 39. Kd1 h6 40. Bh4 g5
41. Bg3 e6 42. Kc2 Kg6 43. Na4 Nh5 44. Bh2 Nf4 45. Bxf4 gxf4 46. Rd3 h5 47. Kd2
Kf5 48. Ke2 d5 49. Nxc5 dxc4 50. bxc4 Rc8 51. Nb7 Ke5 52. Nd6 Rg8 53. Nxc8 Rxc8
54. Kf3 Rxc4 55. Ra3 Kf5 56. Rxa6 Rc3+ 57. Ke2 Rc2+ 58. Ke1 e5 59. Ra8 h4 60.
a4 Ra2 61. Rh8 Ke4 62. Ra8 f3 63. gxf3+ Kxf3 64. Rf8+ Kg2 65. Rf5 e4 66. a5
Kxh3 67. Rh5 Kg4 68. Re5 Ra4 69. Kf1 h3 70. Kg1 Kf4 71. Rh5 Ra1+ 72. Kh2 Ra2
73. Rh4+ Kf3 74. Kxh3 Rxa5 75. Kh2 Rg5 76. Kh1 Rg8 77. Rh2 Rg7 78. Rh4 Kxf2 79.
Rf4+ Ke3 80. Rf8 Ke2 81. Ra8 e3 82. Ra2+ Kf3 83. Ra8 e2 84. Rf8+ Ke3 85. Re8+
Kd2 86. Rd8+ Ke1 87. Ra8 Rd7 88. Kg2 Kd2 89. Ra2+ Ke3 90. Ra3+ Rd3 91. Ra8 e1=Q
92. Re8+ Kd2 93. Rxe1 Kxe1 94. Kg1 Ke2 95. Kg2 Rf3 96. Kg1 Rg3+ 97. Kh1 Rg8 98.
Kh2 Kf3 99. Kh1 Kf2 100. Kh2 Rh8# 0-1

[Event "Taastrup 25 Jubilee"]
[Site "Taastrup"]
[Date "1997.??.??"]
[Round "2"]
[White "Niklasch, Oliver"]
[Black "Bromann, Thorbjorn"]
[Result "1-0"]
[WhiteElo "2335"]
[BlackElo "2230"]
[PlyCount "37"]
[EventDate "1997.??.??"]
[EventType "swiss"]
[EventRounds "9"]
[EventCountry "DEN"]
[Source "ChessBase"]
[SourceDate "1998.11.10"]

1. d4 d5 2. c4 Nc6 3. Nf3 Bg4 4. Nc3 Bxf3 5. gxf3 dxc4 6. d5 Ne5 7. Qd4 Ng6 8.
Qxc4 Qd7 9. h4 c6 10. h5 Ne5 11. Qe4 f6 12. Bh3 Qd6 13. Bf4 Nh6 14. Rd1 c5 15.
Qa4+ Kd8 16. Bxe5 fxe5 17. Ne4 b5 18. Qxb5 a6 19. Qa4 1-0

[Event "Taastrup 25 Jubilee"]
[Site "Taastrup"]
[Date "1997.??.??"]
[Round "9"]
[White "Niklasch, Oliver"]
[Black "Andersen, Preben"]
[Result "1-0"]
[WhiteElo "2335"]
[BlackElo "2055"]
[PlyCount "57"]
[EventDate "1997.??.??"]
[EventType "swiss"]
[EventRounds "9"]
[EventCountry "DEN"]
[Source "ChessBase"]
[SourceDate "1998.11.10"]

1. Nf3 g6 2. d4 Bg7 3. g3 c5 4. c3 b6 5. Bg2 Bb7 6. Qb3 e6 7. dxc5 Na6 8. Be3
Bc6 9. cxb6 axb6 10. Bxb6 Qc8 11. a4 Bd5 12. Qd1 Qc6 13. a5 Qb7 14. O-O Ne7 15.
Na3 O-O 16. c4 Be4 17. Bd4 f6 18. Nb5 e5 19. Bc3 Nf5 20. g4 Bxf3 21. Bxf3 e4
22. Bg2 Nh4 23. Nd6 Qc7 24. Bxe4 Rab8 25. Qd5+ Kh8 26. Nf7+ Kg8 27. Nh6+ Kh8
28. Qg8+ Rxg8 29. Nf7# 1-0

[Event "Taastrup 25 Jubilee"]
[Site "Taastrup"]
[Date "1997.??.??"]
[Round "7"]
[White "Niklasch, Oliver"]
[Black "Thuesen, Mogens Henrik"]
[Result "1-0"]
[WhiteElo "2335"]
[BlackElo "2225"]
[PlyCount "57"]
[EventDate "1997.??.??"]
[EventType "swiss"]
[EventRounds "9"]
[EventCountry "DEN"]
[Source "ChessBase"]
[SourceDate "1998.11.10"]

1. d4 e6 2. c4 c5 3. d5 exd5 4. cxd5 d6 5. Nc3 Ne7 6. Nf3 Ng6 7. h4 Nd7 8. Qa4
h5 9. e4 Be7 10. Be2 a6 11. Ng5 Bf6 12. f4 Rb8 13. e5 dxe5 14. Nce4 O-O 15.
Bxh5 Nb6 16. Qb3 Nxd5 17. Bxg6 fxg6 18. Be3 Bxg5 19. Nxg5 Bg4 20. O-O Rc8 21.
Rac1 exf4 22. Rxc5 Rxc5 23. Bxc5 Rf5 24. Qxb7 Rxg5 25. hxg5 Qxg5 26. Bd4 Ne7
27. Re1 Nf5 28. Re8+ Kh7 29. Qb8 1-0

[Event "Taastrup 25 Jubilee"]
[Site "Taastrup"]
[Date "1997.??.??"]
[Round "4"]
[White "Niklasch, Oliver"]
[Black "Van Voorthuijsen, Pieter W"]
[Result "0-1"]
[WhiteElo "2335"]
[BlackElo "2285"]
[PlyCount "78"]
[EventDate "1997.??.??"]
[EventType "swiss"]
[EventRounds "9"]
[EventCountry "DEN"]
[Source "ChessBase"]
[SourceDate "1998.11.10"]

1. c4 e6 2. g3 Nf6 3. Bg2 d5 4. Nf3 Be7 5. O-O O-O 6. d4 dxc4 7. Ne5 Nc6 8.
Nxc6 bxc6 9. e3 Nd5 10. Qe2 a5 11. e4 Nb4 12. Be3 Ba6 13. Nc3 Rb8 14. Rab1 Nd3
15. Rfd1 c5 16. dxc5 Bf6 17. h4 Qe7 18. c6 Qb4 19. a3 Qb3 20. e5 Bxe5 21. Ba7
Bxc3 22. bxc3 Qxb1 23. Rxb1 Rxb1+ 24. Kh2 Rb2 25. Qh5 f5 26. Qg5 Rf6 27. h5 h6
28. Qh4 f4 29. Bd4 e5 30. Bd5+ Kh8 31. Qg4 exd4 32. Qd7 Rf8 33. Qxc7 Rxf2+ 34.
Kh3 fxg3 35. cxd4 Nf4+ 36. Kxg3 Nxd5 37. Qxa5 Ne3 38. Qxa6 R8f3+ 39. Kh4 Rh2#
0-1

[Event "Taastrup 25 Jubilee"]
[Site "Taastrup"]
[Date "1997.??.??"]
[Round "2"]
[White "Nilssen, John Arni"]
[Black "Duncan, Christopher R"]
[Result "1/2-1/2"]
[WhiteElo "2305"]
[BlackElo "2340"]
[PlyCount "98"]
[EventDate "1997.??.??"]
[EventType "swiss"]
[EventRounds "9"]
[EventCountry "DEN"]
[Source "ChessBase"]
[SourceDate "1998.11.10"]

1. d4 d5 2. Nf3 Nf6 3. c4 dxc4 4. Nc3 a6 5. e4 b5 6. e5 Nd5 7. a4 e6 8. axb5
Nb6 9. Ng5 h6 10. Nge4 Bb7 11. Nc5 Bxc5 12. dxc5 Qxd1+ 13. Kxd1 axb5 14. Rxa8
Nxa8 15. Nxb5 Nd7 16. Be3 Nxe5 17. Bd4 Nd3 18. Kd2 Ke7 19. Kc3 f6 20. Kxc4 Nf4
21. Nc3 Ba6+ 22. Kb4 Rb8+ 23. Ka5 Bxf1 24. Rxf1 c6 25. g3 Nd5 26. Nxd5+ exd5
27. g4 Nc7 28. Ka4 Ne6 29. Be3 Rxb2 30. Rd1 g5 31. h3 Kf7 32. Rd3 Kg6 33. f3 h5
34. Rb3 Rxb3 35. Kxb3 Nf4 36. Kb4 Nxh3 37. Ka5 Nf4 38. Kb6 Nd3 39. gxh5+ Kxh5
40. Kxc6 f5 41. Kxd5 Nb4+ 42. Kc4 Nc6 43. Kd5 Nb4+ 44. Kd6 g4 45. Ke5 gxf3 46.
Kxf5 Nd3 47. c6 Nb4 48. c7 Nd5 49. c8=Q Ne7+ 1/2-1/2

[Event "Taastrup 25 Jubilee"]
[Site "Taastrup"]
[Date "1997.??.??"]
[Round "6"]
[White "Nilssen, John Arni"]
[Black "Koerholz, Ludger"]
[Result "1/2-1/2"]
[WhiteElo "2305"]
[BlackElo "2270"]
[PlyCount "179"]
[EventDate "1997.??.??"]
[EventType "swiss"]
[EventRounds "9"]
[EventCountry "DEN"]
[Source "ChessBase"]
[SourceDate "1998.11.10"]

1. Nf3 Nf6 2. c4 c5 3. g3 g6 4. Bg2 Bg7 5. O-O O-O 6. Nc3 Nc6 7. d4 cxd4 8.
Nxd4 Qa5 9. Nc2 d6 10. Ne3 Ng4 11. h3 Nxe3 12. Bxe3 Qb4 13. Qb3 Be6 14. Nd5
Qxb3 15. axb3 Bxd5 16. Bxd5 Bxb2 17. Ra4 a5 18. Rd1 Rfb8 19. h4 Ra6 20. h5 Ne5
21. hxg6 hxg6 22. Bd2 e6 23. Bg2 Rb6 24. Bxa5 Rxb3 25. Rxd6 b6 26. Bd2 Rc8 27.
Rb4 Rxb4 28. Bxb4 Nxc4 29. Rc6 Rxc6 30. Bxc6 Bd4 31. Bb5 Ne5 32. Kf1 Bc5 33.
Bc3 Ng4 34. e3 Kf8 35. Ke2 Ke7 36. Kf3 Nh6 37. g4 f6 38. Bd3 g5 39. Bb5 Nf7 40.
Bd3 Nd6 41. Ke2 Ne8 42. f4 Nc7 43. fxg5 fxg5 44. e4 Kd7 45. Bf6 Be7 46. Be5 Bd6
47. Bd4 Kc6 48. Bc4 Bf4 49. Kd3 b5 50. Bb3 Kd6 51. Bb6 Ne8 52. Bd4 Be5 53. Be3
Bf6 54. Bb6 Be5 55. Be3 Bf4 56. Bd4 Nc7 57. Bb6 Na6 58. Bd4 Nb4+ 59. Kc3 Nc6
60. Kd3 Nd8 61. Ba7 Nf7 62. Kc3 Nd8 63. Kd3 Nc6 64. Bd4 Be5 65. Bf2 Nd8 66. Be3
Nf7 67. Ba7 Kd7 68. Bf2 Nh6 69. Bd1 Kc6 70. Be3 Nf7 71. Bb3 Kd6 72. Ba7 Ke7 73.
Bc5+ Kf6 74. Bf2 Bb2 75. Kc2 Ne5 76. Bg3 Ba1 77. Bxe5+ Kxe5 78. Kd3 Bb2 79. Ba2
Kd6 80. Bb3 Ba1 81. Ba2 e5 82. Kc2 Kc5 83. Kd3 Kb4 84. Be6 Bd4 85. Bf7 Ka3 86.
Kc2 Bc5 87. Be6 Bd6 88. Bf7 Kb4 89. Kd3 Kc5 90. Bb3 1/2-1/2

[Event "Taastrup 25 Jubilee"]
[Site "Taastrup"]
[Date "1997.??.??"]
[Round "1"]
[White "Olsen, Heini"]
[Black "Welling, Gerard"]
[Result "1-0"]
[WhiteElo "2300"]
[BlackElo "2385"]
[PlyCount "59"]
[EventDate "1997.??.??"]
[EventType "swiss"]
[EventRounds "9"]
[EventCountry "DEN"]
[Source "ChessBase"]
[SourceDate "1998.11.10"]

1. Nf3 g6 2. e4 Bg7 3. d4 Nf6 4. Nc3 d5 5. e5 Ne4 6. Bd3 Nxc3 7. bxc3 c5 8. h3
Nc6 9. O-O O-O 10. Re1 cxd4 11. cxd4 Nb4 12. Rb1 Nxd3 13. cxd3 Qa5 14. Qb3 Bf5
15. Bg5 Rfe8 16. Bd2 Qa6 17. Qxd5 b6 18. Ng5 e6 19. Qd7 Rf8 20. Bb4 Qc8 21. Qa4
Rd8 22. Bd6 Qc3 23. Red1 Bxd3 24. Rbc1 Qb2 25. d5 exd5 26. Qh4 h6 27. Nxf7 g5
28. Nxh6+ Kh7 29. Qxg5 Bg6 30. Nf5 1-0

[Event "Taastrup 25 Jubilee"]
[Site "Taastrup"]
[Date "1997.??.??"]
[Round "5"]
[White "Olsen, Heini"]
[Black "Hoi, Carsten"]
[Result "1/2-1/2"]
[WhiteElo "2300"]
[BlackElo "2425"]
[PlyCount "85"]
[EventDate "1997.??.??"]
[EventType "swiss"]
[EventRounds "9"]
[EventCountry "DEN"]
[Source "ChessBase"]
[SourceDate "1998.11.10"]

1. Nf3 Nf6 2. c4 g6 3. Nc3 Bg7 4. e4 d6 5. d4 O-O 6. Be2 Bg4 7. Be3 Nfd7 8. Ng1
Bxe2 9. Ngxe2 c5 10. O-O cxd4 11. Nxd4 Nc6 12. Rc1 Nxd4 13. Bxd4 Bxd4 14. Qxd4
Qb6 15. Qd2 Nf6 16. Rfe1 Rac8 17. Nd5 Nxd5 18. exd5 Rfe8 19. Re3 e5 20. dxe6
Rxe6 21. Rxe6 fxe6 22. h4 Qc5 23. Rc3 Rf8 24. Qe3 Qxe3 25. Rxe3 Re8 26. Kf1 Kf7
27. Ke2 Rc8 28. Kd3 e5 29. Re4 Ke6 30. f3 Rc6 31. Re2 a6 32. b3 Rc8 33. Rc2 a5
34. Ke4 Rf8 35. g3 b6 36. Rd2 Kd7 37. Rd5 Kc6 38. a3 Rf7 39. Ke3 Rf8 40. Ke4
Rf7 41. a4 Rf8 42. Rb5 Rf7 43. Rd5 1/2-1/2